|
|
|
|
| LEADER |
00000cam a2200000 7i4500 |
| 001 |
0000005001 |
| 005 |
20170406093000.0 |
| 008 |
021118n |
| 050 |
0 |
0 |
|a PL5080
|b .H2
|
| 090 |
0 |
0 |
|a PL5080
|b .H2
|
| 100 |
0 |
|
|a Hasjmy, A. ,
|e author
|
| 245 |
0 |
0 |
|a Apa tugas sasterawan sebagai khalifah Allah
|c A.Hasjmy
|
| 260 |
2 |
|
|a Surabaya :
|b Bina Ilmu ,
|c 1984
|
| 300 |
|
|
|a 120 ms. ; ;
|c 21 sm.
|
| 504 |
|
|
|a Mengandungi bibliografi (ms.116-118)
|
| 650 |
|
0 |
|a Malay literature
|x Islamic influences
|
| 651 |
|
0 |
|a Indonesian literature
|x Islamic influences
|
| 999 |
|
|
|a 1000043895
|b Book
|c OPEN SHELF (30 DAYS)
|e Gong Badak Campus
|
| 999 |
|
|
|a 1000043896
|b Book
|c OPEN SHELF (30 DAYS)
|e Gong Badak Campus
|